000 00295nam a22001337a 4500
008 190305b xxu||||| |||| 00| 0 eng d
020 _a0721628974
041 _aeng
080 _a610.73
100 _a2
101 _aINF
245 _aAmbulatory Surgical Nursing
_cBurden,N
942 _2udc
_cBK
999 _c54497
_d54497